| 000 | 00804nam a2200241 i 4500 | ||
|---|---|---|---|
| 001 | 89082 | ||
| 003 | ES-MaACL | ||
| 005 | 20250824222028.0 | ||
| 007 | t| | ||
| 008 | 050128s2004 sp ||||1| spa d | ||
| 020 | _a84-7844-813-6 | ||
| 080 | _a821.134.3-32"18" | ||
| 100 | 1 |
_aQueirós, Eça de, _d1845-1900 _994499 |
|
| 245 | 1 | 0 |
_aCuentos completos / _cJosé Maria Eça de Queirós ; prólogo de Carlos Reis ; traducción de María Tecla Portela Carreiro. |
| 260 |
_aMadrid : _bSiruela, _c[2004] |
||
| 300 |
_a376 p. ; _c23 cm. |
||
| 490 | 1 |
_aLibros del tiempo ; _v188 |
|
| 700 | 1 |
_aReis, Carlos. _996073 |
|
| 700 | 1 |
_aPortela Carreiro, María Tecla. _993209 |
|
| 830 | 0 | 0 |
_aLibros del tiempo (Siruela) _v188 _9233603 |
| 852 |
_aES-MaACL _jL-28716 _bR.135016 |
||
| 999 |
_c89082 _d89082 |
||